| 000 | 00703nam a2200241Ia 4500 | ||
|---|---|---|---|
| 003 | OSt | ||
| 005 | 20220918222837.0 | ||
| 006 | a|||||r|||| 00| 0 | ||
| 007 | ta | ||
| 008 | 220917b |||||||| |||| 00| 0 eng d | ||
| 024 | _a218,542 | ||
| 037 | _cTextual | ||
| 040 |
_aARTS _cARTS _beng |
||
| 041 |
_2eng _aeng |
||
| 082 | _aX:5.62.M, M5 | ||
| 100 |
_aAlpers Edward A _9140512 |
||
| 245 | 0 |
_aIvory and slaves in East Central Africa _b changing patterns of internal trade in the later nineteenth century |
|
| 260 |
_aLondon _bHeinemann UK _c1985 |
||
| 300 |
_a296p _ccm. |
||
| 650 | _aECONOMICS | ||
| 942 |
_hX:5.62.M, M5 _cTEXL _2CC |
||
| 999 |
_c276638 _d276638 |
||